00304nam a2200121Ia 4500008004100000082001500041100002100056245004400077250000800121260003700129300000800166650000800174191201s2012 xx 000 0 und d a658.3bDOI aDOWLING,Peter J. 0aInternational human resource management aRep aN. DelhibCENGAGE Learningc2012 a368 aBBA